| 000 | 02218nas a2200277 i 4500 | ||
|---|---|---|---|
| 001 | 172589 | ||
| 003 | ES-MaACL | ||
| 005 | 20250928134552.0 | ||
| 007 | t| | ||
| 008 | 090723c1893 sp a| | 1 ||pa d | ||
| 080 | _a3:061.12(460) | ||
| 110 | 2 |
_aReal Academia de Ciencias Morales y Políticas (España) _9222050 |
|
| 245 | 1 | 0 |
_aMemorias de la Real Academia de Ciencias Morales y Políticas _g1893. |
| 260 |
_aMadrid : _b[s. n.], _c1893 ( _fImp. y Tip. de los Huérfanos) |
||
| 300 |
_a1 v. ; _c26 cm. |
||
| 505 | 8 | _aContiene: VII. Resumen de las actas leído el 26 de enero de 1890 / José García Barzanallana (22 p.) . La cuestión monetaria / Raimundo Fernández Villaverde (p. 23-166) . Constitución política de Aragón en el año 1300 / Vicente de la Fuente (p. 167-216) . La ciencia penal y la escuela positivista italiana / Fernando Vida (p. 217-304) . La talla de los mozos para el servicio militar, sorteados y medidos en las quintas de 1858 a 1867 / Laureano Figuerola (p. 305-312) . Historia de los niños expósitos y desamparados (obra escrita por León Lellemand) / Marqués de la Vega de Armijo (p. 313-334) . El Código civil del estado de Nueva York / Melchor Salvá (p. 335-396) . La política económica de España, por Anselmo R. de Rivas / Vizconde de Campo Grande (p. 397-412) . Exposición sobre el Código penal venezolano, por Francisco Ochoa / Vicente de la Fuente (p. 413-428) . Extractos de las discusiones habidas en la Academia (p. 429-584) . Resumen de la información arancelaria, tratados de comercio y régimen de bandera en la navegación entre nuestros puertos de España y Ultramar, decretada en octubre de 1889 y terminada el 30 del mismo mes de 1890 / Vizconde de Campo Grande (p. 585-639). | |
| 700 | 1 |
_aFernández Villaverde, Raimundo, _d1848-1905 _950163 |
|
| 700 | 1 |
_aVida, Fernando. _9133678 |
|
| 700 | 1 |
_aFiguerola, Laureano, _d1816-1903 _950808 |
|
| 700 | 1 |
_aJove y Hevia, Plácido de, _cVizconde de Campo Grande _967050 |
|
| 700 | 1 |
_aGarcía Barzanallana, José, _d1819-1903 _954239 |
|
| 700 | 1 |
_aSalvá, Melchor, _d1834-1918 _9102056 |
|
| 700 | 1 |
_aFuente, Vicente de la, _d1817-1889 _952857 |
|
| 852 | 4 |
_aES-MaACL _jK-177 |
|
| 999 |
_c172589 _d172589 |
||